التجديد فى تعليم العلوم / (Record no. 15984)

MARC details
000 -الفاتح
حقل البيانات ثابتة الطول 00804nam a22002057a 4500
008 - عناصر البيانات ثابتة الطول - معلومات عامة
حقل البيانات ثابتة الطول 110911t1987 xxu||||g |||| 00| 0 ara d
082 ## - رقم تصنيف ديوى العشرى
رقم الطبعة 22
رقم التصنيف 507
رقم المادة ب ا ى
100 ## - المدخل الرئيسى - إسم شخصى
9 (RLIN) 27093
الإسم الشخصى بايز،ألبرت
245 ## - بيان العنوان
العنوان التجديد فى تعليم العلوم /
بيان المسئوليه,etc ألبرت بايز؛ترجمة جواد نظام
260 ## - PUBLICATION, DISTRIBUTION, ETC. (IMPRINT)
مكان الناشر او الموزع بيروت:
اسم الناشر او الموزع معهد الانماء العربى ،1987.
تاريخ النشر أو التوزيع 1987.
300 ## - الوصف المادى
التعداد 299ص،
أبعاد الوعاء 24سم.
336 ## - نوع المحتوى
source rdacontent
Carrier Type Term نص
Content Type Code txt
337 ## - نوع الوسيط
Media Type Term بدون وسيط
source rdamedia
Media Type Code n
338 ## - نوع الحامل أو الناقل
Carrier Type Term مجلد
Carrier Type Code nc
source rdacarrier
490 ## - بيان السلسلة
-- 27095
عنوان السلسلة ،سلسلة الكتب العلمية
-- 5
650 ## - المدخل الاضافى بالموضوع-مصطلح موضوعى
9 (RLIN) 8629
مصطلح موضوعي أو اسم جغرافي كعنصر مدخل العلوم - تعليم وتدريس.
653 ## - مصطلح تكشيفى غير مقيد
Resource For college
Arrived date list September2011
700 ## - المدخل الاضافى - اسم شخصى
9 (RLIN) 27096
الإسم الشخصى نظام ،جواد
العنوان والكلمات الأخرى المصاحبة للاسم مترجم
942 ## - عناصر المدخل الإضافي( كوها)
مصدر التصنيف او مخطط الترفيف Dewey Decimal Classification
Koha [default] item type Book - Borrowing
جزء التصنيف RDA-MOD
Holdings
حالة التراجع حالة الفقد مصدر التصنيف او خطة الترفيف حالة تلف ليس للاعارة مجموعات كوها المكان الدائم المكان الحالي موقع الترفيف تاريخ الاكتساب Source of acquisition رقم الاستدعاء الباركود Date last seen نوع الوعاء
    Dewey Decimal Classification       Central Library Central Library First floor 11/09/2011 Purchase 507 ب ا ى 000024382 15/07/2025 Book - Borrowing